000 00933nam a22002177a 4500
999 _c3367
_d3367
003 AR-CdUCM
008 190306b ||||| |||| 00| 0 spa d
040 _aMUNICIPALIDAD PROVINCIAL DEL CUSCO
_cBIBLIOTECA MUNICIPAL DEL CUSCO
082 _a333 /
_bM77
100 _aMontoya, Rodrigo
_98139
245 _aProduccion Parcelaria y Universio Ideologico :
_bEl Caso de Puquio /
_cSilveria, María José ; Lindoso, Felipe José
260 _aLima :
_bMosca Azul Editores ,
_c1979.
300 _a266 páginas ;
_c20.5 cm.
505 _aContenido: Estructura Productiva -- Universo Ideologico -- La Insitucion Comunal : Sus Bases, Desestructuración, Potencialidad y Limites -- Problema Agrario y Reforma Agraria en Puquio...
650 _aReforma Agraria Peruana
_911146
650 _aInstituciones Comunales
_911147
650 _aProblema Agrario
_911148
650 _aEstructura Productiva
_95885
942 _2ddc
_cLIBROS
945 _artm